000 00900nac a22002897a 4500
001 BR7400410
003 BR-BrBNA
005 20240105113743.0
008 230509b bl.|||m| |||| 00| 0 por d
040 _aBR-BrBNA
_bpor
_cBiblioteca Nacional de Agricultura
072 _aE50; B50
090 _a9390 BR7400410
100 1 _aFigueiredo Filho, J. de
110 1 _aServico de Informacao Agricola, Rio de Janeiro, GB (Brasil)
245 1 _aEngenhos de rapadura do Cariri [Brasil]
260 3 _aRio de Janeiro, GB (Brasil):
_c1958.
300 _a74 p.
490 _aDocumentario da Vida Rural - Servico de Informacao Agricola (Brazil)
_vno. 13
_x
500 _aSummary (En); 21 ref.
650 _aSociologia rural
650 _aHistoria
650 _aRapadura
650 _aEngenho Cariri
650 _aCeara
909 _a202312
_bLúcia Elande
_c55
_dLúcia Elande
942 _2AGRIS
_n0
_cMS
999 _c265370
_d265370